| 000 | 00500nam a22001817a 4500 | ||
|---|---|---|---|
| 003 | CEME | ||
| 005 | 20210628201755.0 | ||
| 008 | 210208b xxu||||| |||| 00| 0 eng d | ||
| 020 | _a1-58053-777-4 | ||
| 040 | _c. | ||
| 082 | _a004.36 TAR | ||
| 100 |
_aTarricone, Luciano ,Esposito, Alessandra _956768 |
||
| 245 | _aGrid computing for electromagnetics | ||
| 260 |
_aBOSTON _bARTECH HOUSE _c2004 |
||
| 300 | _aXVIII,246P | ||
| 650 |
_aGRID COMPUTING FOR ELECTROMAGNETICS _956769 |
||
| 942 |
_cBK _2ddc |
||
| 999 |
_c567120 _d567120 |
||